<?xml version="1.0" encoding="UTF-8"?>
<record
    xmlns:xsi="http://www.w3.org/2001/XMLSchema-instance"
    xsi:schemaLocation="http://www.loc.gov/MARC21/slim http://www.loc.gov/standards/marcxml/schema/MARC21slim.xsd"
    xmlns="http://www.loc.gov/MARC21/slim">

  <leader>00663nam a2200145Ia 4500</leader>
  <controlfield tag="008">100204s9999    xx            000 0 und d</controlfield>
  <datafield tag="082" ind1=" " ind2=" ">
    <subfield code="b">1487</subfield>
  </datafield>
  <datafield tag="100" ind1=" " ind2=" ">
    <subfield code="a">&#x936;&#x94D;&#x930;&#x940;    &#x938;&#x902;&#x924;  &#x924;&#x941;&#x915;&#x93E;&#x930;&#x93E;&#x92E;   &#x92E;&#x939;&#x93E;&#x930;&#x93E;&#x91C; (&#x92C;&#x947;&#x902;&#x926;&#x94D;&#x930;&#x94D;&#x930;&#x947; )</subfield>
  </datafield>
  <datafield tag="245" ind1=" " ind2=" ">
    <subfield code="a">&#x92D;&#x917;&#x935;&#x926;&#x94D; &#x917;&#x940;&#x924;&#x947;&#x91A;&#x93E; &#x905;&#x92D;&#x902;&#x917;&#x93E;&#x924;&#x94D;&#x92E;&#x915; &#x905;&#x928;&#x941;&#x935;&#x93E;&#x926;</subfield>
  </datafield>
  <datafield tag="260" ind1=" " ind2=" ">
    <subfield code="b">&#x92E;&#x941;&#x902;&#x92C;&#x908;   &#x935;&#x93F;&#x936;&#x94D;&#x935;&#x935;&#x93F;&#x926;&#x94D;&#x92F;&#x93E;&#x932;&#x92F;</subfield>
    <subfield code="c">1950</subfield>
  </datafield>
  <datafield tag="300" ind1=" " ind2=" ">
    <subfield code="a">244</subfield>
  </datafield>
  <datafield tag="630" ind1=" " ind2=" ">
    <subfield code="a">&#x92D;&#x917;&#x935;&#x926;&#x94D; &#x917;&#x940;&#x924;&#x947;&#x91A;&#x93E; &#x905;&#x92D;&#x902;&#x917;&#x93E;&#x924;&#x94D;&#x92E;&#x915; &#x905;&#x928;&#x941;&#x935;&#x93E;&#x926;</subfield>
  </datafield>
  <datafield tag="730" ind1=" " ind2=" ">
    <subfield code="a">&#x92D;&#x917;&#x935;&#x926;&#x94D; &#x917;&#x940;&#x924;&#x947;&#x91A;&#x93E; &#x905;&#x92D;&#x902;&#x917;&#x93E;&#x924;&#x94D;&#x92E;&#x915; &#x905;&#x928;&#x941;&#x935;&#x93E;&#x926;</subfield>
  </datafield>
  <datafield tag="942" ind1=" " ind2=" ">
    <subfield code="c">BOOK</subfield>
  </datafield>
  <datafield tag="999" ind1=" " ind2=" ">
    <subfield code="c">446648</subfield>
    <subfield code="d">446645</subfield>
  </datafield>
  <datafield tag="952" ind1=" " ind2=" ">
    <subfield code="0">0</subfield>
    <subfield code="1">0</subfield>
    <subfield code="4">0</subfield>
    <subfield code="7">0</subfield>
    <subfield code="a">NCKMULUND</subfield>
    <subfield code="b">NCKMULUND</subfield>
    <subfield code="d">2010-02-04</subfield>
    <subfield code="g">0.00</subfield>
    <subfield code="l">0</subfield>
    <subfield code="o">1487</subfield>
    <subfield code="p">NCKMULUND-1487</subfield>
    <subfield code="r">2010-02-04 00:00:00</subfield>
    <subfield code="v">0.00</subfield>
    <subfield code="w">2010-02-04</subfield>
    <subfield code="y">BOOK</subfield>
  </datafield>
</record>
